| 000 | 00591nam a2200181Ia 4500 | ||
|---|---|---|---|
| 001 | 7835 | ||
| 005 | 20260306160524.0 | ||
| 008 | 260306t1985||||xx |||||||||||||| ||spa|| | ||
| 041 | _aESP | ||
| 082 |
_a362.7 _bO65 |
||
| 100 |
_aOrganización de las Naciones Unidas para la Educación, la Ciencia y la Cultura _eAUT |
||
| 245 | 0 |
_aTaller sobre alternativas de atención a la niñez en América Latina y el Caribe : _bsíntesis y conclusiones, Medellín - Colombia, 1984 |
|
| 260 | _c1985 | ||
| 300 |
_a86 páginas : _c21 cm. |
||
| 650 | _aGEN | ||
| 654 | _aCED | ||
| 942 |
_cLIB _dJUS _fJUS _2ddc _n |
||
| 999 |
_c7835 _d7835 |
||